Słynni Polacy na Banknotach - Nagła Śmierć - Statystyki

Ogólne statystyki
  • Ten quiz został rozwiązany 119 razy
  • Średni wynik to 5 z 13
Answers on the Grid
Answers color-coded by a green-red scale on the quiz's grid according to % correct below.
Tadeusz Kościuszko
Ludwik Waryński
Witold Pilecki
Roman Dmowski
Józef Bem
Jan Kochanowski
Romuald Traugutt
Henryk Sienkiewicz
Józef Piłsudski
Jarosław Dąbrowski
Mikołaj Kopernik
Jan Paweł II
Maria Skłodowska-Curie
Robert Lewandowski
Karol Świerczewski
Adam Mickiewicz
Lech Wałęsa
Ignacy Jan Paderewski
Fryderyk Chopin
Stanisław Staszic
Juliusz Słowacki
Bolesław Prus
Stanisław Wyspiański
Czesław Miłosz
 
Statystyki odpowiedzi
Odpowiedź % Poprawnych
Mikołaj Kopernik
59%
Romuald Traugutt
56%
Ludwik Waryński
50%
Fryderyk Chopin
47%
Henryk Sienkiewicz
47%
Tadeusz Kościuszko
47%
Maria Skłodowska-Curie
41%
Józef Bem
38%
Stanisław Wyspiański
34%
Ignacy Jan Paderewski
31%
Karol Świerczewski
31%
Jarosław Dąbrowski
28%
Stanisław Staszic
22%
Nie znaleziono quizów pasujących do podanych kryteriów
Rozkład punktacji
Procent ludzi z każdym wynikiem
Percentyl według liczby udzielonych odpowiedzi
Twoja historia wyników
Nie rozwiązałeś tego quizu